000 01104nam a2200313Ia 4500
003 OSt
005 20221007123950.0
006 a|||||r|||| 00| 0
007 ta
008 221006b |||||||| |||| 00| 0 eng d
020 _a9780470060544 (pbk)
024 _a83196
037 _b1178, 14/01/2009, Educational Book Agency (India)
_cTextbook
040 _aCDL
_cCDL
_beng
041 _2eng
_aeng
082 _aE18, P8-;1 Carc
100 _aAmouri Hani
_9718237
245 0 _aChirality in transition metal chemistry:molecules, superamolecular assemblies and materials
_b Gruselle Michel
260 _aChichester
_bWiley
_c2008
300 _axii, 246p.
_ccm.
490 _aInorganic chemistry
500 _aIncludes bibliographic references.; Index 239-246p.
650 _a Inorganic chemistry
_9185095
650 _a Metal chemistry
_9718238
650 _aChemistry
700 _a Gruselle Michel
_9718239
942 _hE18, P8-;1 Carc
_cTB
_2CC
999 _c1212731
_d1212731